Framing French Culture (Record no. 62654)

MARC details
000 -LEADER
fixed length control field 01685nam a2200253Ii 4500
008 - FIXED-LENGTH DATA ELEMENTS--GENERAL INFORMATION
fixed length control field 221202s xx 000 0 und d
100 1# - MAIN ENTRY--PERSONAL NAME
Personal name Edwards, Natalie,
Relator term author
245 #0 - TITLE STATEMENT
Title Framing French Culture
264 ## - PRODUCTION, PUBLICATION, DISTRIBUTION, MANUFACTURE, AND COPYRIGHT NOTICE
Name of producer, publisher, distributor, manufacturer University of Adelaide Press
Date of production, publication, distribution, manufacture, or copyright notice 2015
300 ## - PHYSICAL DESCRIPTION
Extent 1 online resource (291 pages)
336 ## - CONTENT TYPE
Content type term text
Content type code txt
Source rdacontent
337 ## - MEDIA TYPE
Media type term computer
Media type code c
Source rdamedia
338 ## - CARRIER TYPE
Carrier type term online resource
Carrier type code cr
Source rdacarrier
520 ## - SUMMARY, ETC.
Summary, etc. Throughout this book, the concept of framing is used to look at art, photography, scientific drawings and cinema as visually constituted, spatially bounded productions. The way these genres relate to that which exists beyond the frame, by means of plastic, chemically transposed, pencil-sketched or moving images allows us to decipher the particular language of the visual and at the same time circumscribe the dialectic between presence and absence that is proper to all visual media. Yet, these kinds of re-framing owe their existence to the ruptures and upheavals that marked the demise of certain discursive systems in the past, announcing the emergence of others that were in turn overturned.
653 ## - INDEX TERM--UNCONTROLLED
Uncontrolled term French Culture
653 ## - INDEX TERM--UNCONTROLLED
Uncontrolled term Jean Fornasiero
653 ## - INDEX TERM--UNCONTROLLED
Uncontrolled term Nicole Starbuck
653 ## - INDEX TERM--UNCONTROLLED
Uncontrolled term Sonya Stephens
653 ## - INDEX TERM--UNCONTROLLED
Uncontrolled term The Artwork Of The Baudin Expedition To Australia (1800-1804): Nicolas-Martin Petit'S 1802 Portrait Of An Aboriginal Woman And Child From Van Diemen'S Land
700 1# - ADDED ENTRY--PERSONAL NAME
Personal name McCann, Ben
700 1# - ADDED ENTRY--PERSONAL NAME
Personal name Poiana, Peter
856 ## - ELECTRONIC LOCATION AND ACCESS
Uniform Resource Identifier <a href="https://library.oapen.org/bitstream/20.500.12657/33048/1/577016.pdfhttps://shop.adelaide.edu.au/konakart/Welcome.actionhttp://library.oapen.org/handle/20.500.12657/33048">https://library.oapen.org/bitstream/20.500.12657/33048/1/577016.pdfhttps://shop.adelaide.edu.au/konakart/Welcome.actionhttp://library.oapen.org/handle/20.500.12657/33048</a>
942 ## - ADDED ENTRY ELEMENTS (KOHA)
Koha item type E-Book
Holdings
Withdrawn status Damaged status Not for loan Home library Current library Date acquired Total Checkouts Date last seen Price effective from Koha item type
      Directory of Open Access Books Directory of Open Access Books 11/28/2022   11/28/2022 11/28/2022 E-Book

University of Rizal System
Email us at univlibservices@urs.edu.ph

Visit our Website www.urs.edu.ph/library